00843cam a22002654a 4500003000400000005001700004008004100021020004100062020001800103040002800121042000800149050002500157060002300182082002200205100002500227245009000252250001200342260005000354300003300404504005100437650002400488650002100512650002400533650002000557OSt20180817201424.0040408s2005 wiua b 001 0 eng  a1930524226 (Hard cover : alk. paper) a9781930524224 aDNLM/DLCcDLCdDLCbeng apcc00aRC78.7.D53bW65 200510aWN 110bW848p 200500a616.0754222bWAP1 aWolbarst, Anthony B.10aPhysics of radiology /cAnthony Brinton Wolbarst ; with illustrations by Gordon Cook. a2nd ed. aMadison, Wis. :bMedical Physics Pub.,c2005. axv, 647 p. :bill. ;c28 cm. aIncludes bibliographical references and index. 0aDiagnostic imaging. 0aMedical physics.12aDiagnostic Imaging.22aHealth Physics.